Las alergias de Miguel - Estadísticas

Estadísticas generales
  • Esta prueba ha sido intentada 23 veces
  • La puntuación promedio es 8 de 24
Estadísticas de respuestas
Hint Respuesta % Correcto
2.6 almendra
67%
7.34 fresa
67%
9.67 melocoton
67%
10.8 nuez
67%
7.64 platano
67%
4.33 tomate
67%
9.6 cacahuete
60%
4.73 avellana
53%
6.39 naranja
53%
1.57 kiwi
47%
3.42 garbanzo
40%
3.22 uva
33%
6.88 cereza
27%
1.42 mandarina
27%
3.23 mango
27%
1.35 aguacate
20%
10.9 castaña
13%
3.79 guisante
7%
2.06 piñon
7%
3.1 zanahoria
7%
5.08 esparrago
0%
1.53 judia blanca
0%
1.26 mostaza
0%
9.49 semilla de sesamo
0%
No se encontraron pruebas coincidentes
Distribución de puntuación
Porcentaje de gente con cada puntuación
Porcentaje por número respondido
Historial de tus puntuaciones
No has intentado esta prueba.